| 000 | 00554nam a2200181 4500 | ||
|---|---|---|---|
| 001 | 123735 | ||
| 003 | ES-MaACL | ||
| 007 | t| | ||
| 008 | 070214s1963 pr r ||||1| spa d | ||
| 100 | 1 |
_aQuintero Ramos, Angel M. _994728 |
|
| 245 | 1 | 3 |
_aEl mercado de valores / _cAngel M. Quintero Ramos. |
| 260 |
_aRío Piedras (Puerto Rico) : _bUniversitaria, _c1963. |
||
| 300 |
_a555 p. ; _c25 cm. |
||
| 852 |
_aES-MaACL _jC-22827/Ej.1 _bR.51525 _9128321 _cDEPO2 |
||
| 852 |
_aES-MaACL _jC-56965 _9180170 _cDEPO2 |
||
| 942 | _2udc | ||
| 999 |
_c123735 _d123735 |
||